| 000 | 01130nam a2200349Ia 4500 | ||
|---|---|---|---|
| 001 | Z_6751 | ||
| 003 | CHAP | ||
| 008 | 220113s2014 xx 000 0 und d | ||
| 010 | _a170027 | ||
| 020 | _a978-1-4822-0738-5 | ||
| 040 | _cCHAP | ||
| 082 | _a597.13 R83 | ||
| 100 |
_aRudneva, Irina _9145828 |
||
| 245 |
_aBiomarkers for stress in fish embryos and larvae / _cIrina Rudneva |
||
| 260 |
_aEstados Unidos de América : _bTaylor & Francis, _c2014 |
||
| 300 | _axiii, 206 p. | ||
| 503 | _aej.1: consumo | ||
| 504 | _aIncluye bibliografía al final de cada capítulo | ||
| 650 |
_aMarcadores bioquímicos _9125394 |
||
| 650 |
_aPeces _x _x Desarrollo. _9145829 |
||
| 650 |
_aPeces _x _x Efecto del stress en los _9145830 |
||
| 650 |
_aPeces _x _x Embriología _x _x Fisiologia _9145831 |
||
| 650 |
_aPeces _x _x Embriones _x _x efecto de la contaminación sobre _9145832 |
||
| 650 |
_aPeces _x _x Larva _x _x Efecto de la contaminación sobre _9145833 |
||
| 650 |
_aPeces _x _x Larvas _x _x Fisiología _9145834 |
||
| 901 | _a597.13 R83 | ||
| 902 | _aM | ||
| 910 | _a2014 | ||
| 942 | _c1 | ||
| 942 | _cc1 | ||
| 999 |
_c170027 _d170027 |
||